000 00902nam a22002651u 4500
001 05518
003 HDC
007 cr bn ---
008 210120p xx fo d 00 engg
040 _aHDC
100 _aDZULKIFLY MAT HASHIM
_9130
245 0 _aUNRAVELING THE ISSUE OF ALCOHOL FOR THE HALAL INDUSTRY /
_cby DZULKIFLY MAT HASHIM
260 _a[No place] :
_b[publisher not identified],
_c2010
300 _a66 pages :
_bIllustrations
336 _atext
_2rdacontent
337 _acomputer
_2rdamedia
338 _aonline resource
_2rdacarrier
650 _aAlcohol issues
_95767
650 _aHalal industry
_9144
650 _aHalal products
_9642
856 _zRequest full-text at [email protected]
942 _2lcc
942 _cSLIDE
942 _kSLID 000426
999 _c2842
_d2842